zpět

Detail výsledku týmu

Pěkná brynda ÚT, Beroun

Datum a čas kvízu

23.5 Celkem bodů Celkový počet nahraných bodů na tomto kvízu bez doplňovacích otázek.
5. Pořadí na kvízu Konečné umístění týmu na tomto kvízu.

Zaznamenané odpovědi

# Otázka Odpověď Body Výsledky
1. U jednoho nově otevřeného obch... pro ženy 1
2. V neděli začala světová výstav... v Japonsku 1
3. Minulý týden byl představen tr... Mission Impossible; Poslední zúčtování/ The Final Reckoning 1
4. Americká genetická společnost... Hra o trůny, pravlk 1
5. Obhajoba titulu v Lize mistrů... Arsenal FC, 0:3 1
6. Termín Velikonoc, tedy neděle... v Turecku 0
7. S Velikonocemi je spojena řada... o holubici 0
8. Velký pátek je v České republi... 2016 (2015–2017) 0
9. Dny, které jsou nějak spojené... 1B 2C 3D 4A 0
10. Australané nejsou vzhledem k t... bandikut (králíkovitý) 1